SIXTEEN (Twice) - Qui a débuté ? - Statistiques

Statistiques générales
  • Ce quiz a été pris 13 fois
  • Le résultat moyen est 11 sur 14
Statistiques - réponses
Groupes Participantes % Correct
Twice Dahyun
100%
Twice Jeongyeon
100%
Twice Jihyo
100%
Twice Mina
100%
Twice Momo
100%
Twice Nayeon
100%
Twice Sana
100%
Twice Tzuyu
100%
Itzy Chaeryeong
82%
Twice Chaeyoung
82%
Kiss of Life Natty
64%
IZ*ONE Chaeyeon
45%
I.O.I / Girls Next Door / Solo Somi
36%
fromis_9 Jiwon
18%
Aucun quiz correspondant
Distribution des résultats
% des personnes avec chaque résultat
Percentile par nombre de réponses
Votre historique - résultats
Vous n’avez pas pris ce quiz